Normal view
MARC view
Entry Personal Name
001 - CONTROL NUMBER
- control field: 12620
003 - CONTROL NUMBER IDENTIFIER
- control field: BD-RjUL
005 - DATE AND TIME OF LATEST TRANSACTION
- control field: 20240418110911.0
008 - FIXED-LENGTH DATA ELEMENTS
- fixed length control field: 240418|| aca||aabn | a|a d
040 ## - CATALOGING SOURCE
- Original cataloging agency: BD-RjUL
- Transcribing agency: BD-RjUL
100 ## - HEADING--PERSONAL NAME
- Personal name: Innes, Michael,
- Dates associated with a name: 1906-1994
670 ## - SOURCE DATA FOUND
- Source citation: Work cat.: (BD-RjUL)83534: Innes, Michael, 1906-1994., Appleby plays chicken /, 1961.